000 00581nam a2200241 a 4500
001 nice12345678
003 IN_TiNIC
005 20260116011417.0
008 050524s1911 lona grp 000 0 eng
020 _a
_c100
082 0 0 _a305.480297
_bSOM1
100 _aSommer, Annie
245 _aDaylight in the Harem
260 _aLondon
_bOliphant Anderson and Ferrier
_c1911
300 _a224p
500 _aincludes index and biblioraphy
505 2 _aBibliography
650 _aMuslim Women
650 _aEvangelism
902 _bSRS
942 _cBK
999 _c1297
_d1297